Quantum annealing and related optimization methods (Record no. 1212215)

MARC details
000 -LEADER
fixed length control field 01086nam a2200313Ia 4500
003 - CONTROL NUMBER IDENTIFIER
control field OSt
005 - DATE AND TIME OF LATEST TRANSACTION
control field 20221007123628.0
008 - FIXED-LENGTH DATA ELEMENTS--GENERAL INFORMATION
fixed length control field 221006b |||||||| |||| 00| 0 eng d
020 ## - INTERNATIONAL STANDARD BOOK NUMBER
International Standard Book Number 3540279873 (hbd)
037 ## - SOURCE OF ACQUISITION
Terms of availability Textbook
040 ## - CATALOGING SOURCE
Original cataloging agency PAPL
Transcribing agency PAPL
Language of cataloging eng
041 ## - LANGUAGE CODE
Source of code eng
Language code of text/sound track or separate title eng
100 ## - MAIN ENTRY--PERSONAL NAME
Personal name Das Arnab Ed.
9 (RLIN) 38289
245 #0 - TITLE STATEMENT
Title Quantum annealing and related optimization methods
Remainder of title Chakrabarti Bikas K Ed.
260 ## - PUBLICATION, DISTRIBUTION, ETC.
Place of publication, distribution, etc. Berlin
Name of publisher, distributor, etc. Springer-Verlag
Date of publication, distribution, etc. 2005
300 ## - PHYSICAL DESCRIPTION
Extent xiv, 376p.
Dimensions cm.
490 ## - SERIES STATEMENT
Series statement Lecture notes in physics; 679
500 ## - GENERAL NOTE
General note Includes bibliographical references.; Index 373-376p.
650 ## - SUBJECT ADDED ENTRY--TOPICAL TERM
Topical term or geographic name entry element quantum annealing
9 (RLIN) 717528
650 ## - SUBJECT ADDED ENTRY--TOPICAL TERM
Topical term or geographic name entry element Quantum mechanics
650 ## - SUBJECT ADDED ENTRY--TOPICAL TERM
Topical term or geographic name entry element Physics
700 ## - ADDED ENTRY--PERSONAL NAME
Personal name Chakrabarti Bikas K Ed.
9 (RLIN) 717529
942 ## - ADDED ENTRY ELEMENTS (KOHA)
Classification part CN10aB2T, P5 Carpa
Koha item type Textbook
Source of classification or shelving scheme Colon Classification (CC)
Holdings
Withdrawn status Lost status Source of classification or shelving scheme Damaged status Not for loan Home library Current library Date acquired Source of acquisition Total Checkouts Full call number Barcode Date last seen Price effective from Koha item type
    Colon Classification (CC)     Department of Physics and Astrophysics Library Department of Physics and Astrophysics Library 2022-10-07 1015, 22/03/2007, Vardhman Books   CN10aB2T P5 Carpa PA0005826 2022-10-07 2022-10-07 Textbook
Copyright @ Delhi University Library System